| 000 | 00621nam a2200241Ia 4500 | ||
|---|---|---|---|
| 008 | 160303s9999 xx 000 0 und d | ||
| 020 | _a971-584-352-2 | ||
| 050 | _aFIL BC 71 | ||
| 050 | _b.B33 2003 c.1 | ||
| 100 | _aBabor, Eddie R. | ||
| 245 | _aLogic: | ||
| 245 | _bthe philosophical dicsipline of correct thinking / | ||
| 245 | _cEddie R. Babor. | ||
| 250 | _a2nd Edition | ||
| 260 | _aQuezon City: | ||
| 260 | _bC & E Pub. Inc., | ||
| 260 | _c2003 | ||
| 300 | _a202 pages : | ||
| 300 | _billustrations ; | ||
| 300 | _c22 cm. | ||
| 500 | _aIncludes bibliographical references. | ||
| 650 | _aLogic. | ||
| 999 |
_c291156 _d291156 |
||